Statistics for Drugi svjetski rat - političari i generali

Click here to take the quiz!

General Stats

  • This quiz has been taken 37 times
  • The average score is 9 of 18

Answer Stats

Opis ličnosti Političar / general % Correct
Njemački kancelar - FührerAdolf Hitler
100%
Britanski premijer - "nudim vam krv, znoj i suze"Winston Churchill
73%
Talijanski DuceBenito Mussolini
73%
Američki predsjednik - potpisao Atlantsku poveljuFranklin Roosevelt
67%
Norveški fašistVidkun Quisling
67%
Vođa SSSR-aJosif Staljin
67%
Vrhovni zapovjednik partizanske vojske u JugoslavijiJosip Broz Tito
63%
Poglavnik NDHAnte Pavelić
60%
Njemački general - Pustinjska lisicaErwin Rommel
50%
Vođa SS postrojbiHeinrich Himmler
47%
Američki general - zapovjednik operacije iskracavanja u NormandijiDwight Eisenhower
43%
Britanski premijer - potpisao Münchenski sporazumNeville Chamberlain
33%
Britanski general - bitka kod El AlameinaBernard Montgomery
27%
Zapovjednik Kraljevske jugoslavenske vojske u otadžbini - četniciDraža Mihailović
27%
Predsjednik Vichyjske FrancuskePhilippe Petain
20%
Japanski general - izradio plan napada na Pearl HarbourIsoroku Yamamoto
13%
Predsjednik izbjegličke vlade Kraljevine Jugoslavije u Londonu - član HSS-aIvan Šubašić
13%
General NDH - pročitao proglas o uspostavi NDHSlavko Kvaternik
10%

Score Distribution

Percentile by Number Answered

Percent of People with Each Score

Your Score History

You have not taken this quiz